| 000 | 01915nam a22002537a 4500 | ||
|---|---|---|---|
| 003 | OSt | ||
| 005 | 20210305115841.0 | ||
| 008 | 210304r2001 ck ||||fq|||| 00| 0dspa d | ||
| 020 | _a9586823644 | ||
| 040 |
_aCO-JMCR _cCO-JMCR |
||
| 041 | 0 | _aspa | |
| 082 | 0 | 4 |
_a353.4609861 / _bL864r _223 |
| 100 | 1 |
_aLópez, Rolando, _914411 _eautor |
|
| 245 | 1 | 3 |
_aLa ruina de la banca estatal : _blos casos de BCH y BanEstado / _cRolando López |
| 250 | _aPrimera edición | ||
| 260 |
_bBogotá : _aAlfaomega : Contraloría General de la República, _c2001 |
||
| 300 |
_a108 páginas ; _c21 cm. |
||
| 490 | 0 | _aCrónicas de la corrupción | |
| 505 | 0 | _a¿Banco del Estado... o banca en mal estado? -- Banco Central Hipotecario: el fin de una era | |
| 520 | 3 | _aLa ruina de la Banca Estatal presenta, de manera sencilla, los principales casos de malos manejos que, junto con las fallas de las políticas públicas del sector financiero y los problemas macroeconómicos del país, causaron el cierre de los Bancos Central Hipotecario y del Estado, dos de las más importantes entidades financieras estatales. En parte importante de dichos manejos tuvieron responsabilidad altos directivos de estas entidades que, prevalidos de su investidura, privilegiaron a determinados clientes, violando las normas más elementales del manejo bancario en el país y causaron, en muchos casos, detrimento al patrimonio de la Nación. Estas crónicas están basadas en las investigaciones adelantadas por la Contraloría General de la República, otros organismos de control y en las propias indagaciones del autor; tienen el propósito de alertar al país sobre la conveniencia de un mayor control y supervisión en el manejo de los recursos públicos y sobre el respeto a los principios de la ética pública. | |
| 650 | 1 | 4 |
_aBancos _914412 _zColombia |
| 650 | 2 | 4 |
_aCorrupción administrativa _zColombia _913670 |
| 942 |
_2ddc _cBK |
||
| 999 |
_c7454 _d7454 |
||